Handbook of chemical processing equipment /
Guardado en:
| Autor Principal: | |
|---|---|
| Formato: | Libro |
| Idioma: | English |
| Publicado: |
Boston :
Butterworth-Heinemann,
c2000.
|
| Materias: | |
| Acceso en línea: | Descripción Tabla de contenido |
| Etiquetas: |
Agregar Etiqueta
Sin Etiquetas, Sea el primero en etiquetar este registro!
|
| LEADER | 01153cam a22002655a 4500 | ||
|---|---|---|---|
| 001 | EIQ.libpla001782 | ||
| 008 | 000404s2000####maua#####bf###001#0#eng#d | ||
| 005 | 20070306165400.0 | ||
| 245 | 1 | 0 | |a Handbook of chemical processing equipment / |c Nicholas P. Cheremisinoff. |
| 260 | |a Boston : |b Butterworth-Heinemann, |c c2000. | ||
| 300 | |a ix, 535 p. : |b il. ; |c 27 cm. | ||
| 504 | |a Incluye referencias bibliográficas e índice. | ||
| 020 | |a 0750671262 (alk. paper) | ||
| 100 | 1 | |a Cheremisinoff, Nicholas P. | |
| 082 | 0 | 0 | |a 660/.283 |2 21 |
| 650 | 4 | |a Fábrica de productos químicos |x Equipo y fuentes. | |
| 650 | 4 | |a Fábrica de productos químicos |x Handbooks, manuales, etc. | |
| 650 | 0 | |a Chemical plants |x Equipment and supplies. | |
| 650 | 4 | |a Chemical plants |x Handbooks, manuals, etc. | |
| 010 | |a 00037955 | ||
| 040 | |a DLC |c DLC |d AR-BbSID | ||
| 856 | 4 | 2 | |3 Descripción |u http://www.loc.gov/catdir/description/els031/00037955.html |
| 856 | 4 | 1 | |3 Tabla de contenido |u http://www.loc.gov/catdir/toc/els031/00037955.html |
| 859 | |a AR-BbSID |b BIB. PLAPIQUI |h 660.283 |i C 942 |k R |p 5421 |t Ej. 1 |v Ej. 1 | ||
| 859 | |a AR-BbSID |b BIB. PLAPIQUI |h 660.283 |i C 942 |p 5915 |t Ej. 2 |v Ej. 2 | ||
